Biblical ethics and social change / (Record no. 962)

MARC details
000 -LEADER
fixed length control field 00865pam a2200277 a 4500
001 - CONTROL NUMBER
control field 3260566
003 - CONTROL NUMBER IDENTIFIER
control field GBCCL
005 - DATE AND TIME OF LATEST TRANSACTION
control field 20241126110350.0
008 - FIXED-LENGTH DATA ELEMENTS--GENERAL INFORMATION
fixed length control field 810616s1982 nyu b 001 0 eng
010 ## -
-- 81011026
020 ## - INTERNATIONAL STANDARD BOOK NUMBER
International Standard Book Number 019502947X (hard) :
Terms of availability $16.00
020 ## - INTERNATIONAL STANDARD BOOK NUMBER
International Standard Book Number 0195029488 (pbk.) :
Terms of availability $5.00
040 ## - CATALOGING SOURCE
Original cataloging agency DLC
Transcribing agency DLC
Modifying agency DLC
050 00 -
-- BJ1251
-- .M66 1982
082 00 - DEWEY DECIMAL CLASSIFICATION NUMBER
Classification number 241.67
Edition information 19
Item number MOT
100 1# - MAIN ENTRY--PERSONAL NAME
Personal name Mott, Stephen Charles.
9 (RLIN) 1584
245 10 - TITLE STATEMENT
Title Biblical ethics and social change /
Statement of responsibility, etc. Stephen Charles Mott.
260 ## - PUBLICATION, DISTRIBUTION, ETC.
Place of publication, distribution, etc. New York :
Name of publisher, distributor, etc. Oxford University Press,
Date of publication, distribution, etc. 1982.
300 ## - PHYSICAL DESCRIPTION
Extent xvii, 254 p. ;
Dimensions 22 cm.
504 ## - BIBLIOGRAPHY, ETC. NOTE
Bibliography, etc. note Includes bibliographical references and index.
650 #0 - SUBJECT ADDED ENTRY--TOPICAL TERM
Topical term or geographic name entry element Christian ethics.
9 (RLIN) 68
650 #0 - SUBJECT ADDED ENTRY--TOPICAL TERM
Topical term or geographic name entry element Social ethics.
9 (RLIN) 171
650 #0 - SUBJECT ADDED ENTRY--TOPICAL TERM
Topical term or geographic name entry element Ethics in the Bible.
9 (RLIN) 145
906 ## - LOCAL DATA ELEMENT F, LDF (RLIN)
a 7
b cbc
c orignew
d 1
e ocip
f 19
g y-gencatlg
942 ## - ADDED ENTRY ELEMENTS (KOHA)
Source of classification or shelving scheme Dewey Decimal Classification
Koha item type Books
Koha issues (borrowed), all copies 6
Holdings
Withdrawn status Lost status Source of classification or shelving scheme Damaged status Not for loan Home library Current Library Shelving location Date acquired Total checkouts Total renewals Full call number Barcode Date last seen Date last checked out Copy number Price effective from Koha item type
    Dewey Decimal Classification     GRACE BIBLE COLLEGE GRACE BIBLE COLLEGE Theology 2017-03-31 11 11 241.67 MOT 007213 2025-07-28 2025-07-21 c.1 2017-03-31 Books
© Grace Bible College Library 2025